000 00251nam a2200109Ia 4500
008 220204s9999 xx 000 0 und d
082 _a82-3
_bCLO
100 _aClostermann, Pierre
245 4 _aThe Big show
260 _aUK
_bBantam
_c1979
942 _cBK
999 _c33219
_d33219